Kết cấu ô tô : Giáo trình cho sinh viên Đại học

保存先:
書誌詳細
フォーマット: Sách
言語:Undetermined
出版事項: Bách khoa - Hà Nội 2020
主題:
タグ: タグ追加
タグなし, このレコードへの初めてのタグを付けませんか!
Thư viện lưu trữ: Trung tâm Thư viện - Trường Đại học Công nghiệp TP. Hồ Chí Minh
LEADER 00434nam a2200133Ia 4500
001 UIH_00084
008 230809s9999 xx 000 0 und d
082 |a 629.2 
245 0 |a Kết cấu ô tô : Giáo trình cho sinh viên Đại học 
260 |b Bách khoa - Hà Nội 
260 |c 2020 
650 |a Ô tô; 
927 |a Sách 
980 |a Trung tâm Thư viện - Trường Đại học Công nghiệp TP. Hồ Chí Minh